00908cam a22002531 4500001001300000003000400013005001700017008004100034010001700075025001900092040001800111050002000129082001300149100002600162245014100188260004900329300003200378350000900410500010800419504003000527600004600557600003400603999001700637sa 68003373 DLC20260227112452.0710903s1967 ii c b 000 0ceng  asa 68003373  aPL480:I-E-9695 aDLCcDLCdDLC00aDS479.1.B29bA700a329.9/541 aArgov, Daniel,d1934-10aModerates and extremists in the Indian nationalist movement, 1883-1920;bwith special reference to Surendranath Banerjea and Lajpat Rai. aBombay,aNew York,bAsia Pub. Housec[c1967] axiv, 246 p.bports.c23 cm. aRs25 aBased on a thesis submitted for the degree of doctor of Philosophy in the University of London in 1964. aBibliography: p. 233-238.10aBanerjea, Surendranath,cSir,d1848-1925.20aLajpat Rai, Lala,d1865-1928. c79430d79430